00874 2200313 4500001002100000005001500021035002000036007000300056008004100059020001800100040002200118082001600140084001800156090002100174100002100195245003300216250005000249300003000299650001300329850001200342504002500354264005400379336002100433337003000454338002300484999002100507500001100528990002100539INLIS00000000086283820210726111142 a0010-0721001073ta210726s2001 yoi gr 1 ind d a979-420-498-6 aYOPDYOGbinderda04223a616.853 a616.853 HAR e aCB-D.11 2001-6900 aHarsonoepenulis10aEpilepsi /cpenulis, Harsono aEdisi pertama, Cetakan pertama: Desember 2001 avii, 161 halaman ;c21 cm 4aEpilepsi aYOPDYOG aTermasuk bibliografi31aYogyakarta :bGadjah Mada University Press,c2001 2rdacontentateks 2rdamediaatanpa perantara 2rdacarrieravolume aCB-D.11/2001-690 aIndeks aCB-D.11/2001-690